Music Trivia: World Jazz Geography - Statistics

General Stats
  • This quiz has been taken 126 times
    121 since last reset
  • The average score is 7 of 15
Answer Stats
Hint Answer % Correct
Hiromi Uehara Japan
79%
Maria Joao Portugal
75%
Niels-Henning Orsted Pederson Denmark
71%
John Dankworth UK
60%
Stephane Grappelli France
57%
Oscar Peterson Canada
55%
Vijay Iyer United States
48%
Hugh Masekela South Africa
46%
Django Reinhardt Belgium
43%
Mongo Santamaria Cuba
36%
Marion McPartland UK
36%
Miroslav Vitous Czechoslovakia, (now Czechia or Czech Republic)
31%
Gato Barbieri Argentina
28%
Joe Zawinul Austria
25%
Abraham Laboriel Sr. Mexico
10%
No matching quizzes found
Score Distribution
Percent of People with Each Score
Percentile by Number Answered
Your Score History
You have not taken this quiz since the last reset